000 00487nam a2200145Ia 4500
008 100204s9999 xx 000 0 und d
082 _b7997
100 _aकर्निक हेमन
245 _aकसोटी प्रेमाची
260 _b"रावजी प्रकाशन , डोंबिवली"
_c1985
300 _a180
630 _aकसोटी प्रेमाची
730 _aकसोटी प्रेमाची
942 _cBOOK
999 _c452433
_d452430